Szczegóły MARC21

Lexikographie und Wörterbuchbenutzung /

003 -Nazwa inst., której nr kontr. jest w polu 001 [,]
    • @
    • Nazwa instytucji, której n kontrolny jest w polu 001
    • NUKAT
005 -DATA I CZAS OSTATNIEJ MODYFIKACJI [,]
    • @
    • pole kontrolne
    • 20241231101228.0
020 -Międzynarod. znormalizowany nr książki - ISBN [ , ]
    • a
    • Numer ISBN
    • 9783860572931 Find
040 -Instytucja sporządzająca opis [ , ]
    • a
    • Instytucja, która sporządziła opis (NP)
    • WA U/59BBM
    • c
    • Instytucja, która sporządziła rekord (NP)
    • WA U/BBMs
    • d
    • Instytucja, która zmodyfikowała rekord (P)
    • WA U/BBM
    • d
    • Instytucja, która zmodyfikowała rekord (P)
    • SZCZ U/JS
942 -Rodzaj dokumentu [ , ]
    • c
    • Rodzaj dokumentu
    • Książka
100 -Hasło główne - nazwa osobowa [1, ]
    • a
    • Nazwa osobowa (NP)
    • Engelberg, Stefan.
    • 9
    • KHW
    • 67081
245 -Strefa tytułu i oznaczenia odpowiedzialności [1,0]
    • a
    • Tytuł
    • Lexikographie und Wörterbuchbenutzung / Find
    • c
    • Pozostałe elementy strefy tytułu i oznaczenia odpowiedzialności (NP)
    • Stefan Engelberg, Lothar Lemnitzer.
250 -Strefa wydania [ , ]
    • a
    • Oznaczenie wydania (NP)
    • 4., überarb. u. erw. Aufl.
260 -Strefa adresu wydawniczego [ , ]
    • a
    • Miejsce wydania (P)
    • Tübingen :
    • b
    • Nazwa wydawcy (P)
    • Stauffenburg,
    • c
    • Data wydania (P)
    • 2009.
300 -Strefa opisu fizycznego [ , ]
    • a
    • Określenie formy książki i/lub objętość (NP)
    • XI, [1], 327 s. :
    • b
    • Oznaczenie ilustracji (NP)
    • il. ;
    • c
    • Format (NP)
    • 24 cm.
336 -Typ zawartości [ , ]
    • a
    • Termin opisujący typ zawartości
    • Tekst
    • b
    • Kod określający zawartość
    • txt
    • 2
    • Źródło (terminu i kodu)
    • rdacontent
337 -Typ mediów [ , ]
    • a
    • Tryb odtwarzania
    • Bez urządzenia pośredniczącego
    • b
    • Kod typu mediów
    • n
    • 2
    • Źródło (terminu i kodu)
    • rdamedia
338 -Typ/rodzaj nośnika [ , ]
    • a
    • Hasło opisujące typ nośnika
    • Wolumin
    • b
    • Kod typu nośnika
    • nc
    • 2
    • Źródło (terminu i kodu)
    • rdacarrier
490 -Strefa serii i książki wielotomowej - forma nie do wyszukiwania [1, ]
    • a
    • Tytuł (P)
    • Stauffenburg-Einführungen ; Find
    • v
    • Numeracja (P)
    • Bd. 14
830 -Hasło dodatkowe serii i opisu książki wielotomowej - tytuł ujednolicony/tytuł [ ,0]
    • a
    • Tytuł ujednolicony/tytuł (NP)
    • Stauffenburg-Einführungen
    • x
    • ISSN
    • 0948-3365
    • v
    • Oznaczenie tomu (NP)
    • Bd. 14
    • 9
    • KHW
    • 67082
504 -Uwaga dot. bibliogr. załącznikowej [ , ]
    • a
    • Uwaga dot. bibliografii załącznikowej
    • Bibliogr. s. 273-322. Indeks.
080 -Uniwersalna Klasyfikacja Dziesiętna [ , ]
    • 2
    • Identyfikator wydania tablic
    • UDC-P058
    • 9
    • UKD
    • 6438
    • a
    • Symbol klasyfikacji
    • 81'374
    • b
    • Dopowiedzenie
    • Leksykografia. Słowniki: kompilacja i zawartość.
    • 4
    • UKD2
    • 7631
    • x
    • Poddział wspólny
    • =112.2
    • c
    • Dopowiedzenie poddz. wspólnego
    • =Język niemiecki (wysokoniemiecki, standardowy niemiecki).
650 -Hasło przedmiotowe [ ,7]
    • a
    • Hasło przedmiotowe
    • Encyklopedie i słowniki
    • x
    • Określnik rzeczowy
    • wykorzystanie.
    • 2
    • Źródło terminu
    • kaba
    • 9
    • KHW
    • 383023
650 -Hasło przedmiotowe [ ,7]
    • a
    • Hasło przedmiotowe
    • Leksykografia.
    • 2
    • Źródło terminu
    • kaba
    • 9
    • KHW
    • 116846
980 -Symbol UKD [ , ]
    • a
    • UKD
    • 81'374=112.2
700 -Hasło dodatkowe - nazwa osobowa [1, ]
    • a
    • Nazwa osobowa (NP)
    • Lemnitzer, Lothar. Find
    • 9
    • KHW
    • 28590
710 -Hasło dodatkowe - nazwa ciała zbiorowego [2, ]
    • a
    • Nazwa ciała zbiorowego lub nazwa geograficzna jako pierwszy element (NP)
    • Stauffenburg Verlag Brigitte Narr.
    • 4
    • Kod relacji
    • pbl
    • 9
    • KHW
    • 78246
920 -ISBN [ , ]
    • a
    • ISBN
    • 978-3-86057-293-1 Find
Numer inwentarzowy Lokalizacja Status udost. Sygnatura Data inwentaryzacji
G.18892BM1GERM. Leksykografia 062014-01-22